Science Quiz

Random Science Quiz

Name Every Human Bone! Quiz Stats

 Plays Quiz not verified by Sporcle

Also try: Animals by Species
Challenge
Share
Tweet
Embed
Score 0/72 Timer 10:00
0 Plays Today
Location Bone % Correct
FaceMandible
90.6%
CraniumFrontal
82.4%
LegFemur
81.3%
LegTibia
80.6%
ArmUlna
80%
ArmRadius
79.8%
LegFibula
79.3%
CraniumOccipital
78.1%
ArmHumerus
77.5%
CraniumTemporal
76.9%
PelvisCoccyx
76.5%
CraniumParietal
76.4%
LegPatella
76.1%
Shoulder GirdleClavicle
75.9%
ThoraxRib
75.1%
Shoulder GirdleScapula
74.8%
FaceMaxilla
72.8%
Vertebral ColumnLumbar Vertebra
71.3%
FaceZygomatic
71%
Vertebral ColumnThoracic Vertebra
70.1%
Vertebral ColumnCervical Vertebra
69.2%
FaceNasal
67.2%
ThroatHyoid
65.8%
PelvisSacrum
65.8%
HandMetacarpal
65.2%
PelvisIlium
64.9%
CraniumSphenoid
63.4%
FootMetatarsal
62.3%
CraniumEthmoid
62%
Vertebral ColumnAtlas
61.9%
Vertebral ColumnAxis
60.5%
PelvisIschium
60.1%
PelvisPubis
59.6%
FootCalcaneus
58.1%
FaceLacrimal
54.3%
FaceVomer
51.4%
Location Bone % Correct
HandTrapezoid
51.2%
HandTrapezium
51.1%
HandHamate
49.9%
EarStapes
49.6%
FacePalatine
49.5%
FootTalus
48.6%
HandLunate
48.6%
EarMalleus
48.4%
EarIncus
47.3%
TeethCuspid
47.3%
HandScaphoid
46.9%
HandPisiform
45.1%
FootCuboid
44.6%
HandCapitate
44.5%
FootNavicular
40%
ThoraxXiphoid Process
38.7%
ThoraxManubrium
38.6%
FootMedial Cuneiform
38%
FootLateral Cuneiform
38%
FootDistal Phalanx
36.6%
HandDistal Phalanx
36.6%
FootProximal Phalanx
36%
HandProximal Phalanx
36%
FootIntermediate Cuneiform
35.1%
HandTriquetral
34.5%
TeethWisdom
34.1%
FaceInferior Nasal Conchae
33.5%
FootIntermediate Phalanx
33.3%
HandIntermediate Phalanx
33.3%
TeethFirst Molar
24.1%
TeethSecond Molar
23.9%
TeethLateral Incisor
22.2%
TeethFirst Bicuspid
21%
TeethSecond Bicuspid
20.8%
TeethCentral Incisor
19.3%
ThoraxGladiolus
18%

You're not logged in!

Compare scores with friends on all Sporcle quizzes.
Join for Free
OR
Log In

You Might Also Like...

Show Comments

Extras

Created Dec 24, 2009ReportNominate
Tags:bones, human, location

Top Quizzes Today


Score Distribution

Your Account Isn't Verified!

In order to create a playlist on Sporcle, you need to verify the email address you used during registration. Go to your Sporcle Settings to finish the process.

Report this User

Report this user for behavior that violates our Community Guidelines.

Details: